| Tag |
First Indicator |
Second Indicator |
Subfields |
| LEADER |
00000cam a2200000Ia 4500 |
| 001 |
in00002785660 |
| 005 |
20151202171704.0 |
| 008 |
121106s2012 be a 101 0 eng d |
| 020 |
|
|
|a 9789066055957
|
| 020 |
|
|
|a 9066055952
|
| 035 |
|
|
|a (OCoLC)ocn816047213
|
| 035 |
|
|
|a (OCoLC)816047213
|
| 040 |
|
|
|a VXG
|c VXG
|d AAA
|d OCLCO
|d ORE
|d TXA
|d UtOrBLW
|
| 049 |
|
|
|a TXAM
|
| 090 |
|
|
|a SB123.6
|b .I84 2011
|
| 111 |
2 |
|
|a ISHS Symposium on In Vitro Culture and Horticultural Breeding
|n (7th :
|d 2011 :
|c Ghent, Belgium)
|
| 245 |
1 |
0 |
|a Proceedings of the VIIth International Symposium on In Vitro Culture and Horticultural Breeding :
|b Ghent, Belgium, September 18-22, 2011 /
|c convener & [editor]: Danny Geelen ; ISHS Commission Molecular Biology and In Vitro Culture, ISHS Working Group on In Vitro Culture.
|
| 246 |
1 |
4 |
|a Proceedings of the Seventh International Symposium on In Vitro Culture and Horticultural Breeding
|
| 246 |
1 |
8 |
|a Seventh International Symposium on In Vitro Culture and Horticultural Breeding
|
| 264 |
|
1 |
|a Leuven, Belgium :
|b ISHS,
|c [2012]
|
| 264 |
|
4 |
|c ©2012
|
| 300 |
|
|
|a 546 pages :
|b illustrations ;
|c 24 cm.
|
| 336 |
|
|
|a text
|b txt
|2 rdacontent
|
| 337 |
|
|
|a unmediated
|b n
|2 rdamedia
|
| 338 |
|
|
|a volume
|b nc
|2 rdacarrier
|
| 490 |
1 |
|
|a Acta horticulturae,
|x 0567-7572 ;
|v no. 961
|
| 500 |
|
|
|a "October 2012."
|
| 504 |
|
|
|a Includes bibliographical references and author index.
|
| 650 |
|
0 |
|a Plant micropropagation
|v Congresses.
|
| 700 |
1 |
|
|a Geelen, Danny.
|
| 710 |
2 |
|
|a International Society for Horticultural Science.
|b Commission Molecular Biology and In Vitro Culture.
|
| 710 |
2 |
|
|a International Society for Horticultural Science.
|b Working Group "In Vitro Culture."
|
| 830 |
|
0 |
|a Acta horticulturae ;
|v no. 961.
|
| 856 |
4 |
1 |
|u http://www.actahort.org/books/961/
|t 0
|
| 948 |
|
|
|a cataloged
|b h
|c 2012/12/6
|d c
|e jwilkinson
|
| 994 |
|
|
|a C0
|b TXA
|
| 999 |
|
|
|a MARS
|
| 999 |
f |
f |
|s 6a6a4982-9261-376c-addc-7524e716088a
|i 01993999-fd6a-3eaf-b92d-3fe55c70409b
|t 0
|
| 952 |
f |
f |
|p ric
|a Texas A&M University
|b Rellis Campus
|c Joint Library Facility
|d Remote Storage
|t 0
|e SB123.6 .I84 2011
|h Library of Congress classification
|i unmediated -- volume
|m A14841654522
|
| 998 |
f |
f |
|a SB123.6 .I84 2011
|t 0
|l Remote Storage
|